00382nam a2200133Ia 4500082001300000245006100013260002800074300001300102504003600115650001800151650003800169650002200207700001900229 a959 EAS- 0aEast Asia in crisis: from beign a miracle to needing one aLondonbRoutledgec1998 axix, 388 aincludes bibliography and index aAsia, Eastern aAsia, EasternvEconomic conditios aEast Asian crisis aMcLeod, Ross H